Enterprise and New Towns (Scotland) Bill (Record no. 98470)

MARC details
000 -LEADER
fixed length control field 00583cam a2200217 4500
001 - CONTROL NUMBER
control field A337
008 - FIXED-LENGTH DATA ELEMENTS--GENERAL INFORMATION
fixed length control field 090401t1990 xxu||||| |||| 00| 0 eng d
035 ## - SYSTEM CONTROL NUMBER
System control number (Sirsi) u95388
041 ## - LANGUAGE CODE
Language code of text/sound track or separate title eng
110 ## - MAIN ENTRY--CORPORATE NAME
Corporate name or jurisdiction name as entry element Royal Institution of Chartered Surveyors
9 (RLIN) 4900
245 ## - TITLE STATEMENT
Title Enterprise and New Towns (Scotland) Bill
260 ## - PUBLICATION, DISTRIBUTION, ETC.
Name of publisher, distributor, etc. RICS
Date of publication, distribution, etc. 1990
300 ## - PHYSICAL DESCRIPTION
Extent 2p
350 ## - PRICE (NR) (BK AM CF MU VM SE) [OBSOLETE]
Price 3
490 ## - SERIES STATEMENT
Series statement RICS Memorandum
Volume/sequential designation GCPPA/Report(90)1
520 ## - SUMMARY, ETC.
Summary, etc. RICS comments on the Bill.
690 ## - LOCAL SUBJECT ADDED ENTRY--TOPICAL TERM (OCLC, RLIN)
Topical term or geographic name as entry element PLANNING LAW AND PRACTICE
690 ## - LOCAL SUBJECT ADDED ENTRY--TOPICAL TERM (OCLC, RLIN)
Topical term or geographic name as entry element PROPERTY LAW AND PRACTICE
942 ## - ADDED ENTRY ELEMENTS (KOHA)
Suppress in OPAC 0
948 ## - LOCAL PROCESSING INFORMATION (OCLC); SERIES PART DESIGNATOR (RLIN)
c (OCLC) 04/03/1997
Holdings
Withdrawn status Lost status Source of classification or shelving scheme Damaged status Not for loan Home library Current library Shelving location Date acquired Total Checkouts Full call number Barcode Date last seen Copy number Price effective from Koha item type
    Other/Generic Classification Scheme     London London RICS Boxes 29/10/2002   BASEMENT 95388-1001 06/08/2019 1 06/08/2019 Archive